[Event "Gideon Japhet Cup 2018"]
[Site "Jerusalem"]
[Date "2018.07.05"]
[Round "8"]
[White "Meier, Georg"]
[Black "Muzychuk, Anna"]
[Result "1-0"]
[WhiteElo "2662"]
[BlackElo "2597"]
[Annotator "ChessBase"]
[PlyCount "117"]
[EventDate "2018.07.02"]
[EventType "tourn"]
[EventCountry "ISR"]
[SourceTitle "playchess.com"]
[Source "ChessBase"]
[SourceQuality "1"]
[TimeControl "1500+10"]

1. Nf3 {[%emt 0:09:53]} d5 {[%emt 0:09:51]} 2. g3 {[%emt 0:00:06]} g6 {[%emt 0:00:02]} 3. Bg2 {[%emt 0:00:03]} Bg7 {[%emt 0:00:01]} 4. d4 {[%emt 0:00:02]} Nf6 {[%emt 0:00:03]} 5. c4 {[%emt 0:00:06]} c6 {[%emt 0:00:01]} 6. Qb3 {[%emt 0:00:22]} O-O {[%emt 0:00:10]} 7. O-O {[%emt 0:00:03]} Qb6 {[%emt 0:00:03]} 8. Nc3 {[%emt 0:00:03]} Rd8 {[%emt 0:00:03]} 9. Bd2 {[%emt 0:00:12]} Be6 {[%emt 0:00:31]} 10. Na4 {[%emt 0:01:15]} Qxb3 {[%emt 0:00:09]} 11. axb3 {[%emt 0:00:02]} Nbd7 {[%emt 0:00:23]} 12. Rfc1 {[%emt 0:00:33]} Rac8 {[%emt 0:00:35]} 13. Ba5 {[%emt 0:01:14]} b6 {[%emt 0:00:23]} 14. Be1 {[%emt 0:00:06]} Ne4 {[%emt 0:05:05]} 15. cxd5 {[%emt 0:00:33]} Bxd5 {[%emt 0:01:16]} 16. b4 {[%emt 0:00:03]} e5 {[%emt 0:01:01]} 17. dxe5 {[%emt 0:00:02]} Nxe5 {[%emt 0:00:02]} 18. Nxe5 {[%emt 0:00:05]} Bxe5 {[%emt 0:00:01]} 19. Bxe4 {[%emt 0:00:19]} Bxe4 {[%emt 0:00:04]} 20. Nc3 {[%emt 0:00:03]} Bxc3 {[%emt 0:01:35]} 21. Rxc3 {[%emt 0:04:40]} Rd7 {[%emt 0:00:28]} 22. f3 {[%emt 0:00:46]} Bd5 {[%emt 0:00:08]} 23. g4 {[%emt 0:00:33]} f5 {[%emt 0:00:21]} 24. gxf5 {[%emt 0:00:37]} gxf5 {[%emt 0:00:01]} 25. Bg3 {[%emt 0:00:26]} Re8 {[%emt 0:00:45]} 26. Kf2 {[%emt 0:00:11]} Rde7 {[%emt 0:00:26]} 27. e3 {[%emt 0:00:25]} Rd7 {[%emt 0:00:46]} 28. Bf4 {[%emt 0:00:54]} Ree7 {[%emt 0:00:21]} 29. h4 {[%emt 0:00:31]} Be6 {[%emt 0:01:20]} 30. Rxc6 {[%emt 0:01:58]} Rd2+ {[%emt 0:00:07]} 31. Kg3 {[%emt 0:00:02]} Bd7 {[%emt 0:01:29]} 32. Rf6 {[%emt 0:01:00]} Rg7+ {[%emt 0:02:14]} 33. Bg5 {[%emt 0:00:07]} Be8 {[%emt 0:00:23]} 34. Rc1 {[%emt 0:01:08]} Rf7 {[%emt 0:00:10]} 35. Rc8 {[%emt 0:00:25]} Rxf6 {[%emt 0:00:12]} 36. Bxf6 {[%emt 0:00:03]} Kf7 {[%emt 0:00:03]} 37. Bd4 {[%emt 0:00:15]} a5 {[%emt 0:00:07]} 38. Rc7+ {[%emt 0:00:13]} Ke6 {[%emt 0:00:03]} 39. Rb7 {[%emt 0:01:00]} axb4 {[%emt 0:00:09]} 40. Rxb6+ {[%emt 0:00:02]} Kf7 {[%emt 0:00:03]} 41. Rf6+ {[%emt 0:00:29]} Ke7 {[%emt 0:00:00]} 42. Rxf5 {[%emt 0:00:01]} b3 {[%emt 0:00:01]} 43. Rg5 {[%emt 0:00:14]} Bg6 {[%emt 0:00:04]} 44. h5 {[%emt 0:00:07]} Bc2 {[%emt 0:00:01]} 45. Kf4 {[%emt 0:00:23]} Bd1 {[%emt 0:00:06]} 46. Rg1 {[%emt 0:00:05]} Ke6 {[%emt 0:00:08]} 47. Bc3 {[%emt 0:00:35]} Rd8 {[%emt 0:00:03]} 48. Bg7 {[%emt 0:00:04]} Rd2 {[%emt 0:00:03]} 49. e4 {[%emt 0:00:13]} Rd3 {[%emt 0:00:03]} 50. Rf1 {[%emt 0:00:22]} Be2 {[%emt 0:00:11]} 51. Rf2 {[%emt 0:00:02]} Bd1 {[%emt 0:00:01]} 52. Bf8 {[%emt 0:00:10]} Kf7 {[%emt 0:00:11]} 53. Bc5 {[%emt 0:00:04]} Ke6 {[%emt 0:00:06]} 54. h6 {[%emt 0:00:15]} Kf6 {[%emt 0:00:53]} 55. Be3 {[%emt 0:00:05]} Ke6 {[%emt 0:00:04]} 56. Rd2 {[%emt 0:00:04]} Rxd2 {[%emt 0:00:22]} 57. Bxd2 Kf6 58. Bc3+ {[%emt 0:00:41]} Kg6 {[%emt 0:00:01]} 59. Bg7 {[%emt 0:00:03]} 1-0

[Event "Gideon Japhet Cup 2018"]
[Site "Jerusalem"]
[Date "2018.07.06"]
[Round "9"]
[White "Svidler, Peter"]
[Black "Ivanchuk, Vassily"]
[Result "1/2-1/2"]
[WhiteElo "2747"]
[BlackElo "2682"]
[Annotator "TA"]
[PlyCount "123"]
[EventDate "2018.07.02"]
[EventType "tourn"]
[EventCountry "ISR"]
[SourceTitle "playchess.com"]
[Source "ChessBase"]
[SourceQuality "1"]

{[%evp 16,123,8,17,35,14,19,8,16,20,21,8,20,22,15,20,86,82,82,82,80,80,71,81,90,84,76,100,184,4,4,2,2,3,2,0,0,0,0,0,0,-30,-37,-28,5,-13,0,0,0,0,109,0,29,26,9,0,0,0,0,-39,0,0,0,0,20,-570,20,20,20,20,20,20,20,20,20,20,20,20,20,20,20,20,20,0,20,0,20,20,20,20,105,20,24,24,32,32,5263,36,5263,36,36,36,36,36,36,36,36,20,20,0]} 1. Nf3 Nf6 2. g3 g6 3. c4 Bg7 4. Bg2 c6 5. d4 d5 6. Qb3 a5 {D73: Fianchetto Grünfeld: 5 Nf3} (6... O-O 7. O-O Qb6 8. Nc3 Rd8 9. Bd2 Bf5 10. Qa3 e6 11. e4 Nxe4 12. Nxe4 dxe4 13. Ba5 Qa6 14. Bxd8 Qxa3 15. bxa3 exf3 16. Bxf3 Nd7 17. Bg5 Bxd4 18. Rad1 e5 19. Rfe1 Nc5 20. Bf6 Nd7 21. Rxd4 exd4 22. Bxd4 {½-½ (22) Mamedyarov,S (2808)-Vachier Lagrave,M (2789) Leuven 2018}) 7. cxd5 a4 8. Qd1 cxd5 9. Nc3 {LiveBook: 4 Games} Bd7 10. Ne5 e6 $146 ({Predecessor:} 10... O-O 11. O-O Be8 12. e3 e6 13. b3 a3 14. b4 {1-0 (47) Wojtkiewicz,A (2575)-Glek,I (2505) Bad Zwesten 1998}) 11. O-O O-O 12. Nxd7 Qxd7 13. e3 Ne8 14. e4 dxe4 15. Nxe4 Qxd4 (15... Nd6 $11) 16. Be3 $1 $16 {[%cal Re3d4]} Qxb2 17. Rb1 Qxa2 18. Bc5 $1 {[%cal Rc5f8]} (18. Rxb7 Na6 $11) 18... Nc6 19. Bxf8 Rd8 20. Bd6 Nxd6 21. Nxd6 Nd4 (21... Be5 $16 {was worth a try.}) 22. Nxb7 $2 ({White should play} 22. Rb6 $18) 22... Ne2+ $11 23. Qxe2 $1 Qxe2 24. Nxd8 Bb2 $1 25. Rfe1 Qc2 26. Be4 Qb3 27. Re3 Qc4 {And now ...a3 would win.} 28. Rd1 a3 {Threatens to win with ...a2.} 29. Bb1 $1 Qa4 30. Rdd3 Bf6 31. Nxe6 fxe6 32. Ba2 Bd4 (32... Qc2 $11 33. Rxa3 (33. Bxe6+ Kg7 $11) 33... Bd4) 33. Rf3 ({Much worse is} 33. Bxe6+ $6 Kg7 $11) (33. Rxa3 $6 Qd1+ 34. Kg2 Bxe3 $11) (33. Rxe6 $16 Kg7 34. Kg2) 33... Bc5 34. Bxe6+ Kg7 $132 {[%mdl 2048] Black is fighting back} 35. Rf7+ Kh6 36. Rdd7 a2 37. Rxh7+ Kg5 {[#]} 38. Bxa2 $1 {[%mdl 512]} Qxa2 39. Rdf7 Qd5 40. h4+ Kg4 {( -> ...Kh3)} 41. Kh2 {[%csl Gg3][%cal Rf7f4]} Qd2 {White must now prevent ...Bd6.} 42. Rf4+ Qxf4 43. gxf4 Bxf2 {[%mdl 4096] Endgame KR-KB} 44. f5 gxf5 45. h5 Be3 46. Kg2 Bf4 47. Rh8 Be5 48. Rf8 Bf4 49. Rh8 Be5 50. Rh7 Bf4 51. Kf2 Kg5 52. Kf3 {Hoping for Rg7+.} Bh2 (52... Bd6 $11) 53. Ke3 (53. Rg7+ $1 $16 Kh6 54. Rb7 (54. Rg2 Be5 $18)) 53... Be5 54. Kd3 Ba1 55. Kc4 f4 $2 {[%mdl 8192] [#]} (55... Be5 $14) 56. Kd3 $2 (56. Ra7 $1 $18 {[%cal Ra7a1]} Bb2 57. Ra5+ Kh6 58. Kd3) 56... f3 $2 {[%mdl 8192] [#]} (56... Bf6 $14) 57. Ke3 $2 (57. Ra7 $1 $18 {[%cal Ra7a1]} Bb2 58. Ra5+ Kh6 59. Ke3) 57... Kg4 $14 58. h6 Bf6 $1 59. Rg7+ Kh5 60. Kxf3 Kxh6 61. Rf7 Kg6 62. Rxf6+ {Precision: White = 47%, Black = 45%.} 1/2-1/2

[Event "Gideon Japhet Cup 2018"]
[Site "Jerusalem"]
[Date "2018.07.06"]
[Round "9"]
[White "Gelfand, Boris"]
[Black "Muzychuk, Anna"]
[Result "1/2-1/2"]
[WhiteElo "2674"]
[BlackElo "2597"]
[Annotator "ChessBase"]
[PlyCount "112"]
[EventDate "2018.07.02"]
[EventType "tourn"]
[EventCountry "ISR"]
[SourceTitle "playchess.com"]
[Source "ChessBase"]
[SourceQuality "1"]
[TimeControl "1500+10"]

1. d4 {[%emt 0:09:51]} f5 {[%emt 0:09:52]} 2. g3 {[%emt 0:00:06]} Nf6 {[%emt 0:00:01]} 3. Bg2 {[%emt 0:00:01]} g6 {[%emt 0:00:01]} 4. Nf3 {[%emt 0:00:02]} Bg7 {[%emt 0:00:03]} 5. O-O {[%emt 0:00:02]} O-O {[%emt 0:00:02]} 6. Nbd2 {[%emt 0:00:01]} d6 {[%emt 0:00:16]} 7. Re1 {[%emt 0:00:02]} Nc6 {[%emt 0:01:28]} 8. e4 {[%emt 0:00:16]} fxe4 {[%emt 0:00:35]} 9. Nxe4 {[%emt 0:00:01]} Nxe4 {[%emt 0:00:47]} 10. Rxe4 {[%emt 0:00:01]} Bf5 {[%emt 0:00:10]} 11. Re1 {[%emt 0:01:17]} Qd7 {[%emt 0:05:44]} 12. c3 {[%emt 0:01:47]} Kh8 {[%emt 0:04:22]} 13. Qb3 {[%emt 0:01:38]} Na5 {[%emt 0:00:34]} 14. Qb4 {[%emt 0:02:52]} b6 {[%emt 0:00:04]} 15. d5 {[%emt 0:00:25]} c6 {[%emt 0:01:07]} 16. Qh4 {[%emt 0:01:12]} Bf6 {[%emt 0:01:22]} 17. Bg5 {[%emt 0:00:40]} cxd5 18. Bxf6+ {[%emt 0:00:14]} Rxf6 {[%emt 0:00:28]} 19. Ng5 {[%emt 0:00:12]} h5 {[%emt 0:00:02]} 20. Bxd5 {[%emt 0:00:36]} Raf8 {[%emt 0:00:01]} 21. Ne4 {[%emt 0:00:58]} Bxe4 {[%emt 0:00:10]} 22. Qxe4 {[%emt 0:00:04]} Qf5 {[%emt 0:00:54]} 23. Qxf5 {[%emt 0:01:16]} Rxf5 {[%emt 0:00:01]} 24. Rad1 {[%emt 0:00:01]} b5 {[%emt 0:00:27]} 25. f4 {[%emt 0:00:26]} e5 {[%emt 0:00:05]} 26. Be4 {[%emt 0:01:24]} R5f6 {[%emt 0:00:02]} 27. fxe5 {[%emt 0:00:01]} dxe5 {[%emt 0:00:01]} 28. b3 {[%emt 0:00:01]} Rf2 {[%emt 0:00:10]} 29. Rf1 {[%emt 0:01:31]} Rxf1+ {[%emt 0:00:01]} 30. Rxf1 {[%emt 0:00:00]} Rc8 {[%emt 0:00:01]} 31. Bxg6 {[%emt 0:00:02]} Rxc3 {[%emt 0:00:02]} 32. Bxh5 {[%emt 0:00:06]} Nc6 {[%emt 0:00:03]} 33. Bg6 {[%emt 0:00:15]} Nd4 {[%emt 0:00:14]} 34. Be4 {[%emt 0:00:23]} Re3 {[%emt 0:00:09]} 35. Bd5 {[%emt 0:00:01]} Re2 {[%emt 0:00:12]} 36. Rf2 {[%emt 0:00:18]} Re1+ {[%emt 0:00:09]} 37. Kg2 {[%emt 0:00:02]} a5 {[%emt 0:00:37]} 38. h4 {[%emt 0:00:22]} Kg7 {[%emt 0:00:15]} 39. Kh3 {[%emt 0:00:25]} e4 {[%emt 0:00:16]} 40. Rf7+ {[%emt 0:00:36]} Kh6 {[%emt 0:00:13]} 41. Rf4 {[%emt 0:00:01]} e3 {[%emt 0:00:05]} 42. Rxd4 {[%emt 0:00:02]} e2 {[%emt 0:00:01]} 43. Bf3 {[%emt 0:01:32]} Rh1+ {[%emt 0:00:07]} 44. Bxh1 {[%emt 0:00:02]} e1=Q {[%emt 0:00:02]} 45. Rd6+ {[%emt 0:00:07]} Kg7 {[%emt 0:00:01]} 46. Bg2 {[%emt 0:00:09]} Qe2 {[%emt 0:00:37]} 47. Rd5 {[%emt 0:00:04]} a4 {[%emt 0:00:09]} 48. bxa4 {[%emt 0:00:10]} bxa4 {[%emt 0:00:01]} 49. Rg5+ {[%emt 0:00:07]} Kf6 {[%emt 0:00:15]} 50. Bd5 {[%emt 0:00:01]} Qf1+ {[%emt 0:00:06]} 51. Bg2 {[%emt 0:00:21]} Qe2 {[%emt 0:00:01]} 52. Bd5 {[%emt 0:00:04]} Qf1+ {[%emt 0:00:00]} 53. Kg4 {[%emt 0:00:25]} Qd1+ {[%emt 0:00:34]} 54. Kf4 {[%emt 0:00:06]} Qd4+ {[%emt 0:00:06]} 55. Kf3 {[%emt 0:00:02]} Qd3+ {[%emt 0:00:04]} 56. Kf4 {[%emt 0:00:23]} Qd4+ {[%emt 0:00:01] Ke4 Ke5+} 1/2-1/2

[Event "Gideon Japhet Cup 2018"]
[Site "Jerusalem"]
[Date "2018.07.06"]
[Round "9"]
[White "Meier, Georg"]
[Black "Nepomniachtchi, Ian"]
[Result "0-1"]
[WhiteElo "2662"]
[BlackElo "2770"]
[Annotator "TA"]
[PlyCount "84"]
[EventDate "2018.07.02"]
[EventType "tourn"]
[EventCountry "ISR"]
[SourceTitle "playchess.com"]
[Source "ChessBase"]
[SourceQuality "1"]

{[%evp 12,84,5,6,21,0,7,0,0,0,2,7,6,0,7,0,6,6,7,0,35,16,14,8,27,30,14,18,35,37,53,55,48,34,45,6,18,6,2,0,2,0,0,0,0,-91,-91,-91,-92,-137,-125,-144,-155,-345,-352,-341,-337,-426,-436,-427,-437,-424,-428,-445,-442,-422,-411,-579,-558,-518,-456,-964,-946,-927,-894]} 1. Nf3 d5 2. g3 g6 3. Bg2 Bg7 4. d4 c6 5. O-O Nf6 6. c3 O-O 7. Re1 {LiveBook: 3 Games. D02: 1 d4 d5 2 Nf3 sidelines, including 2...Nf6 3 g3 and 2...Nf6 3 Bf4} (7. Nbd2 Nbd7 8. Re1 c5 9. a4 cxd4 10. cxd4 a5 11. Nb1 Nb8 12. Nc3 Nc6 13. Ne5 Bf5 14. Bg5 Nb4 15. Rc1 Ne4 16. Be3 Nxc3 17. bxc3 {1-0 (28) Kramnik,V (2800)-Dubov,D (2701) Moscow 2018}) 7... Nbd7 8. Bf4 Nh5 9. Be3 {The position is equal.} Re8 10. Nbd2 e5 11. dxe5 Nxe5 12. Nxe5 Bxe5 13. Qb3 $146 ({Predecessor:} 13. Nf3 Bg7 14. Bd4 Nf6 15. Qb3 Qc7 {1-0 (28) Mego,P-Marriott,S IECG email 1999}) 13... Qc7 14. c4 d4 15. Bh6 Bh8 16. c5 Be6 17. Qa3 Qd7 18. Ne4 Bd5 19. Nd6 {[#] Hoping for Bxd5.} Bxg2 20. Kxg2 Re5 21. e4 dxe3 22. Rxe3 Rxe3 23. Qxe3 Nf6 24. Qf3 Nd5 25. Rd1 b6 26. Rxd5 cxd5 27. Qxd5 Rd8 {Strongly threatening ...bxc5.} 28. b4 (28. Bg5 $11 Rc8 29. f3 Rxc5 30. Qa8+ Kg7 31. Ne8+ Kf8 32. Nd6+ Kg7 33. Ne8+ Kf8 34. Nd6+ Kg7) 28... bxc5 $17 29. bxc5 {[#]} Qe6 $1 $36 {[%cal Re6d5][%mdl 2048] Black is really pushing.} 30. Qxe6 fxe6 {[%mdl 4096] Endgame KRB-KBN} 31. Bf4 {c6 is the strong threat.} Bd4 32. Nb7 $2 (32. c6 $17 {might work better.} Bb6 33. a4) 32... Rc8 $19 33. Bd6 Kf7 34. f4 Ke8 35. Kf3 Kd7 36. Ke4 Bg1 37. h3 Rc6 38. Ke5 Ra6 39. Bf8 (39. a3 $142) 39... Rxa2 {Black is clearly winning.} 40. Kf6 Rb2 41. c6+ (41. Na5 $142 Bd4+ 42. Kf7) 41... Kxc6 42. Nd8+ Kd7 {Precision: White = 45%, Black = 77%.} 0-1

[Event "Gideon Japhet Cup 2018"]
[Site "Jerusalem"]
[Date "2018.07.06"]
[Round "10"]
[White "Nepomniachtchi, Ian"]
[Black "Meier, Georg"]
[Result "1/2-1/2"]
[WhiteElo "2770"]
[BlackElo "2662"]
[Annotator "TA"]
[PlyCount "31"]
[EventDate "2018.07.02"]
[EventType "tourn"]
[EventCountry "ISR"]
[SourceTitle "playchess.com"]
[Source "ChessBase"]
[SourceQuality "1"]

{[%evp 21,31,0,0,0,3,8,8,0,0,0,17,0]} 1. e4 e6 2. d4 d5 3. exd5 exd5 4. Nf3 Nf6 5. Bd3 Bd6 6. O-O O-O 7. Bg5 Bg4 8. Nbd2 Nbd7 9. c3 c6 10. Qc2 h6 {C01: Französische Verteidigung (Abtauschvariante)} 11. Bh4 Qc7 {LiveBook: 8 Partien. Die Stellung ist ausgeglichen.} 12. Rae1 (12. Bg3 Rfe8 13. Rfe1 Rxe1+ 14. Rxe1 Re8 15. Rxe8+ Nxe8 16. Bf5 Bxf5 17. Qxf5 Bxg3 18. hxg3 g6 19. Qd3 Kg7 20. Nf1 Nd6 21. Ne3 Qb6 22. Qc2 Qd8 23. Qd3 Qb6 24. Qc2 Qd8 25. Qd3 {½-½ (25) Svidler,P (2745)-Anand,V (2776) Moscow 2016}) 12... Bxf3 13. Nxf3 Rfe8 14. Bg3 Bxg3 $146 ({Vorgänger:} 14... Rad8 15. Nh4 Nf8 16. Nf3 N8d7 17. Bf5 Bxg3 18. hxg3 Qb8 19. g4 Rxe1 20. Rxe1 Re8 {1-0 (30) Lombardi,M (1890)-Meinberger,M (1667) Gelsenkirchen 2014}) 15. hxg3 Kf8 16. Bf5 1/2-1/2

[Event "Gideon Japhet Cup 2018"]
[Site "Jerusalem"]
[Date "2018.07.06"]
[Round "10"]
[White "Ivanchuk, Vassily"]
[Black "Svidler, Peter"]
[Result "1/2-1/2"]
[WhiteElo "2682"]
[BlackElo "2747"]
[Annotator "TA"]
[PlyCount "97"]
[EventDate "2018.07.02"]
[EventType "tourn"]
[EventCountry "ISR"]
[SourceTitle "playchess.com"]
[Source "ChessBase"]
[SourceQuality "1"]

{[%evp 23,97,16,8,0,4,4,8,7,0,0,25,-6,42,47,42,50,52,26,22,5,2,2,11,0,0,-25,-25,-22,-21,-22,-28,-26,-22,-17,-14,-25,-13,-43,-39,-45,-61,-61,-14,-14,-17,-18,-19,-83,-26,-77,-97,-98,-93,-98,-72,-72,-75,-71,-70,-71,-16,-80,-9,-9,-8,-10,-8,-8,-8,-8,-8,-8,-8,-8,-8,-8]} 1. d4 Nf6 2. c4 g6 3. Nc3 d5 4. Nf3 Bg7 5. Qb3 dxc4 6. Qxc4 O-O 7. e4 a6 8. Be2 b5 9. Qb3 c5 10. dxc5 Nbd7 11. e5 {D97: Grünfeld: Russian System: 7 e4, replies other than 7...Bg4} (11. Be3 Ng4 12. c6 Nxe3 13. cxd7 Nxg2+ 14. Kf1 Qxd7 15. Kxg2 Qh3+ 16. Kg1 Be6 17. Qc2 Rac8 18. Ng5 Qh4 19. Qd2 Rc5 20. f4 b4 21. Nd5 Rc2 22. Qe1 Bd4+ 23. Kg2 Qg4+ 24. Kf1 Qh3+ {0-1 (24) Volkov,S (2645)-Riazantsev,A (2650) St Petersburg 2017}) 11... Nxc5 12. Qb4 Nfd7 {LiveBook: 8 Games} 13. Be3 a5 14. Qh4 {Strongly threatening Rd1.} e6 15. Qxd8 Rxd8 16. Nxb5 Bb7 $146 ({Predecessor:} 16... Ba6 17. Rc1 Bf8 18. b3 Rdb8 {½-½ (42) Huzita,S (2124)-Brzezinski,B (1935) ICCF email 2013}) 17. Rc1 Ne4 18. Bd4 g5 19. h3 h5 20. Rc7 Bd5 21. Bc4 Bxc4 22. Rxc4 Rac8 23. Rxc8 Rxc8 24. O-O g4 25. hxg4 hxg4 26. Re1 Nec5 27. Nd2 Nd3 28. Rd1 N7xe5 29. Ne4 Rc2 $36 {[%mdl 2048] White is under pressure.} 30. Kf1 Nxb2 31. Na3 $1 {Ra1 is the strong threat.} Nxd1 32. Nxc2 {Threatens to win with Ke2.} Nc6 (32... Nd7 {keeps more tension.} 33. Ke2 Nb2 34. Kd2 Na4 35. Kd3 Nab6) 33. Nf6+ Bxf6 34. Bxf6 $11 {[%mdl 4096] Endgame And now Ke1 would win. KBN-KNN} e5 35. Na3 (35. Ke1 $11 Nc3 36. Ne3) 35... Nb2 (35... Nc3 $17) 36. Ke2 {[#]} (36. Nc2 $11 {remains equal.}) 36... Kh7 $1 $17 37. Kd2 Kg6 38. Bh4 Na4 39. Nc4 f6 40. f3 gxf3 41. gxf3 Nd4 ({Better is} 41... Kf5 $17 42. Bg3 Nc5 43. Nd6+ Ke6) 42. Bg3 (42. Bf2 $1 $11) 42... Nxf3+ (42... Kf5 $17 43. Ke3 Ke6 44. Nxa5 Kd5) 43. Ke3 $11 {The position is equal.} Nd4 {Hoping for ...Nf5+.} 44. Ke4 Nc3+ 45. Kd3 Nxa2 46. Bxe5 Nc6 {[#]} 47. Bxf6 $1 {[%mdl 512]} Kxf6 {[#]} 48. Nxa5 $1 {[%mdl 512]} Nxa5 49. Ke4 {Precision: White = 48%, Black = 60%.} 1/2-1/2

[Event "Gideon Japhet Cup 2018"]
[Site "Jerusalem"]
[Date "2018.07.06"]
[Round "10"]
[White "Muzychuk, Anna"]
[Black "Gelfand, Boris"]
[Result "1/2-1/2"]
[WhiteElo "2597"]
[BlackElo "2674"]
[Annotator "ChessBase"]
[PlyCount "43"]
[EventDate "2018.07.02"]
[EventType "tourn"]
[EventCountry "ISR"]
[SourceTitle "playchess.com"]
[Source "ChessBase"]
[SourceQuality "1"]
[TimeControl "1500+10"]

1. e4 {[%emt 0:09:52]} c5 {[%emt 0:09:50]} 2. Nf3 {[%emt 0:00:02]} Nc6 {[%emt 0:00:01]} 3. d4 {[%emt 0:00:01]} cxd4 {[%emt 0:00:01]} 4. Nxd4 {[%emt 0:00:01]} Nf6 {[%emt 0:00:01]} 5. Nc3 {[%emt 0:00:02]} e5 {[%emt 0:00:00]} 6. Ndb5 {[%emt 0:00:02]} d6 {[%emt 0:00:01]} 7. Bg5 {[%emt 0:00:03]} a6 {[%emt 0:00:01]} 8. Na3 {[%emt 0:00:03]} b5 {[%emt 0:00:00]} 9. Nd5 {[%emt 0:00:02]} Be7 {[%emt 0:00:04]} 10. Bxf6 {[%emt 0:00:03]} Bxf6 {[%emt 0:00:01]} 11. c4 {[%emt 0:00:03]} b4 {[%emt 0:00:12]} 12. Nc2 {[%emt 0:00:02]} O-O {[%emt 0:00:02]} 13. g3 {[%emt 0:00:14]} Be6 {[%emt 0:00:03]} 14. Bg2 {[%emt 0:00:12]} Bg5 {[%emt 0:01:19]} 15. O-O a5 16. Qd3 {[%emt 0:00:45]} Bxd5 {[%emt 0:00:24]} 17. cxd5 {[%emt 0:00:54]} Nb8 {[%emt 0:00:03]} 18. a3 {[%emt 0:00:09]} Na6 {[%emt 0:00:00]} 19. axb4 {[%emt 0:00:20]} Nxb4 {[%emt 0:00:02]} 20. Nxb4 {[%emt 0:00:02]} axb4 {[%emt 0:00:05]} 21. Qc4 {[%emt 0:00:27]} b3 {[%emt 0:00:49]} 22. Qxb3 {[%emt 0:01:10]} 1/2-1/2